| 000 | 00679nam a2200145 a 4500 | ||
|---|---|---|---|
| 008 | 220712s1997 ||||||||||||||||| || u | ||
| 050 | _aCBU(05)C/1997/4 | ||
| 110 | _aCopperbelt University | ||
| 245 | 1 | 0 |
_aCBU Courier : Issue No. July, 1997 _cBy The Copperbelt University(CBU) |
| 260 |
_aKitwe _bCopperbelt University _c1997 |
||
| 300 | _a3 pages | ||
| 650 | _aCOPPERBELT UNIVERSITY--PERIODICALS | ||
| 995 |
_aSPECIAL COLLECTIONS _e4917 _FCBU-MAIN LIBRARY (Kitwe) _jCBU(05)C/1997/4B _M2 _UAVAILABLE _WJul 12, 2022 _yB4917 _ZUniversity Collection |
||
| 995 |
_aSPECIAL COLLECTIONS _e4916 _FCBU-MAIN LIBRARY (Kitwe) _jCBU(05)C/1997/4A _M1 _UAVAILABLE _WJul 12, 2022 _yB4916 _ZUniversity Collection |
||
| 999 |
_c79217 _d79217 |
||